000 00572nam a2200241 a 4500
001 nice12345678
003 IN_TiNIC
005 20260116011545.0
008 050524s1883 lona grp 000 0 eng
020 _a
_c100
082 0 0 _a297.09
_bMUI1
100 _aMuir, William
245 _aAnnals of the Early Caliphate
260 _aLondon
_bSmith Elder and Co.
_c1883
300 _a470p
500 _aincludes index and biblioraphy
505 2 _aIndex
650 _aIslam-History
700 1 _aMuir, William
902 _bRBA
942 _cBK
999 _c2599
_d2599